000 00561nam a2200181 a 4500
001 000031883
005 20200930063244.0
008 110707s2004 dr 000 0 spa d
040 _aDO-SdBNP
_bspa
_cBNPHU
082 _axxx
_bA989i
100 1 _aAyuso, Juan José
_914332
245 1 0 _aDe la integración de una tendencia a la precipitación de una candidatura /
_cJuan José Ayuso.
260 _a[Santo Domingo] :
_b[S.l.],
_c[19--?].
300 _a22 p. ;
_c21 cm.
490 1 _aensayo político
_v1
830 0 _aensayo político
_v1
_958082
049 _aBNPD
999 _c31374
_d31374